| 000 | 00451nam a2200193Ia 4500 | ||
|---|---|---|---|
| 005 | 20240823044859.0 | ||
| 008 | 240823s9999||||xx |||||||||||||| ||und|| | ||
| 020 | _a81-87316-68-3 | ||
| 041 | _aENGLISH | ||
| 082 | _A621.381 P3 | ||
| 100 | _aYangalwar V G | ||
| 245 | 0 | _aApplied Electronics | |
| 250 | _a1st | ||
| 260 |
_c2003 _bCentral Techno Publica |
||
| 500 | _aYES | ||
| 650 |
_aElectronics _bElectronics |
||
| 942 | _cBK | ||
| 999 |
_c213650 _d213650 |
||